Pokemon Ending in E - Statistics

General Stats
  • This quiz has been taken 38 times
    11 since last reset
  • The average score is 77 of 153
Answer Stats
Type Pokemon % Correct
Water Blastoise
100%
Bug/Flying Butterfree
100%
Bug Caterpie
100%
Normal Eevee
100%
Water Squirtle
100%
Water Totodile
100%
Water Wartortle
100%
Fairy Clefable
83%
Psychic Drowzee
83%
Fighting Hitmonlee
83%
Fighting Primeape
83%
Normal Raticate
83%
Bug/Poison Weedle
83%
Fire Arcanine
67%
Dragon/Flying Dragonite
67%
Rock/Ground Geodude
67%
Fire Growlithe
67%
Bug Illumise
67%
Water Kyogre
67%
Fighting Machoke
67%
Electric/Steel Magnemite
67%
Psychic/Fairy Mr Mime
67%
Rock/Water Omanyte
67%
Normal/Flying Pidove
67%
Poison Poipole
67%
Ice Regice
67%
Normal Smeargle
67%
Water/Psychic Starmie
67%
Fighting Tyrogue
67%
Psychic Uxie
67%
Grass/Poison Vileplume
67%
Fairy Alcremie
50%
Fighting/Ghost Annihilape
50%
Fairy Aromatisse
50%
Electric Blitzle
50%
Water Brionne
50%
Grass/Dark Cacturne
50%
Ice Cetoddle
50%
Water Chewtle
50%
Fire Cinderace
50%
Bug/Flying Combee
50%
Ice/Fighting Crabominable
50%
Bug/Rock Crustle
50%
Ground Cubone
50%
Grass/Ghost Decidueye
50%
Rock/Fairy Diancie
50%
Steel/Ghost Doublade
50%
Water Drizzile
50%
Bug/Rock Dwebble
50%
Ice Eiscue
50%
Electric Electivire
50%
Electric Electrike
50%
Electric Electrode
50%
Grass/Psychic Exeggcute
50%
Fairy Flabebe
50%
Grass/Dragon Flapple
50%
Psychic Flittle
50%
Fairy Floette
50%
Dragon Fraxure
50%
Water Froakie
50%
Dragon/Ground Gabite
50%
Psychic/Fighting Gallade
50%
Dragon/Ground Gible
50%
Psychic Gothitelle
50%
Grass Grotle
50%
Grass Grovyle
50%
Psychic/Fairy Hatterene
50%
Grass/Dragon Hydrapple
50%
Fire/Fighting Infernape
50%
Water/Grass Lombre
50%
Rock/Psychic Lunatone
50%
Electric/Steel Magnezone
50%
Poison/Water Mareanie
50%
Fighting/Psychic Meditite
50%
Bug/Psychic Orbeetle
50%
Grass Pansage
50%
Fire/Fighting Pignite
50%
Electric Plusle
50%
Water/Ground Quagsire
50%
Bug/Fairy Ribombee
50%
Dark/Ghost Sableye
50%
Dragon/Flying Salamence
50%
Ground/Dark Sandile
50%
Grass Sceptile
50%
Grass Servine
50%
Bug/Grass Sewaddle
50%
Poison/Normal Shroodle
50%
Bug/Rock Shuckle
50%
Grass Simisage
50%
Fire/Ghost Skeledirge
50%
Water/Psychic Slowpoke
50%
Water Sobble
50%
Fairy Spritzee
50%
Grass Steenee
50%
Water Suicune
50%
Water Tympole
50%
Ice Vanillite
50%
Ice Vanilluxe
50%
Dark/Ice Weavile
50%
Bug Wurmple
50%
Normal Zangoose
50%
Dark/Grass Zarude
50%
Dragon/Ground Zygarde
50%
Fire/Psychic Armarouge
33%
Ghost Banette
33%
Rock/Water Barbaracle
33%
Ice Bergmite
33%
Rock/Water Binacle
33%
Rock Boldore
33%
Bug/Fighting Buzzwole
33%
Grass Carnivine
33%
Fire/Ghost Ceruledge
33%
Ghost/Fire Chandelure
33%
Poison/Ground Clodsire
33%
Flying Corvisquire
33%
Grass/Fairy Cottonee
33%
Electric/Fairy Dedenne
33%
Ghost/Grass Dhelmise
33%
Poison/Dragon Dragalge
33%
Normal Dudunsparce
33%
Normal Dunsparce
33%
Ghost/Fairy Flutter Mane
33%
Ice Glalie
33%
Fire/Dragon Gouging Fire
33%
Electric/Normal Helioptile
33%
Steel/Ghost Honedge
33%
Ghost Houndstone
33%
Psychic/Normal Indeedee
33%
Ice/Water Iron Bundle
33%
Bug Kricketune
33%
Ground/Dark Krookodile
33%
Normal Linoone
33%
Ice/Ground Mamoswine
33%
Water/Flying Mantine
33%
Water/Flying Mantyke
33%
Steel/Fairy Mawile
33%
Ice/Psychic Mr Rime
33%
Ground Mudsdale
33%
Bug Nymble
33%
Normal Oinkologne
33%
Water Phione
33%
Ice/Ground Piloswine
33%
Flying Rookidee
33%
Grass/Poison Roserade
33%
Poison/Fire Salazzle
33%
Bug/Poison Scolipede
33%
Fire/Bug Sizzlipede
33%
Fire/Flying Talonflame
33%
Psychic/Fairy Tapu Lele
33%
Bug/Poison Venipede
33%
Water/Dragon Walking Wake
33%
Bug/Poison Whirlipede
33%
Electric Xurkitree
33%
No matching quizzes found
Score Distribution
Percent of People with Each Score
Percentile by Number Answered
Your Score History
You have not taken this quiz since the last reset